La Universidad de Costa Rica y los proyectos de reforma al sistema educativo nacional /
Gorde:
| Erakunde egilea: | |
|---|---|
| Formatua: | Ezezaguna |
| Hizkuntza: | Spanish |
| Argitaratua: |
San José, Costa Rica :
Oficina de Publicaciones, Universidad de Costa Rica,
1997.
|
| Gaiak: | |
| Etiketak: |
Etiketa erantsi
Etiketarik gabe, Izan zaitez lehena erregistro honi etiketa jartzen!
|
MARC
| LEADER | 000000000a22000000004500 | ||
|---|---|---|---|
| 001 | 003457 | ||
| 008 | 180220b xxu||||| |||| 00| 0 spa d | ||
| 020 | |a 9977150745 | ||
| 041 | 0 | |a spa | |
| 082 | 0 | 4 | |a 344.728.607 |b U58u |
| 110 | 2 | |a Vicerrectoría de Acción Social | |
| 245 | 1 | 3 | |a La Universidad de Costa Rica y los proyectos de reforma al sistema educativo nacional / |c Vicerrectoría de Acción Social. |
| 260 | 1 | |a San José, Costa Rica : |b Oficina de Publicaciones, Universidad de Costa Rica, |c 1997. | |
| 300 | |a 336 páginas | ||
| 650 | 4 | |a REFORMA EDUCATIVA | |
| 650 | 4 | |a COSTA RICA | |
| 650 | 4 | |a LEGISLACION | |
| 650 | 4 | |a POLITICA EDUCATIVA | |
| 942 | |c BK |2 ddc | ||
| 999 | |c 9679 |d 9679 | ||



